[Event "English Online Blitz Open"]
[Site "chess.com INT"]
[Date "2020.05.16"]
[Round "1.11"]
[White "Roberson, Peter T"]
[Black "Jones, Gawain C B"]
[Result "1/2-1/2"]
[WhiteTitle "IM"]
[BlackTitle "GM"]
[WhiteElo "2437"]
[BlackElo "2670"]
[WhiteFideId "412384"]
[BlackFideId "409561"]
[EventDate "2020.05.16"]

1. e4 e5 2. Nf3 Nc6 3. Bb5 a6 4. Ba4 d6 5. O-O Bd7 6. d4 Nxd4 7. Bxd7+ Qxd7 8.
Nxd4 exd4 9. Qxd4 Nf6 10. c4 Be7 11. Nc3 O-O 12. Bf4 Nh5 13. Be3 Bf6 14. Qd3
Bxc3 15. Qxc3 Rae8 16. f3 f5 17. exf5 Qxf5 18. Rae1 Nf4 19. Bxf4 Qxf4 20. b3 h5
21. Rxe8 Rxe8 22. Re1 Rxe1+ 23. Qxe1 Qd4+ 24. Kh1 Kf7 25. h3 h4 26. Qb1 g6 27.
Qc1 Kg7 28. Qe1 Kf7 29. Qc1 c5 30. Qh6 Qa1+ 31. Kh2 Qe5+ 32. Kh1 Qe1+ 33. Kh2
Qg3+ 34. Kh1 Qe1+ 1/2-1/2

[Event "English Online Blitz Open"]
[Site "chess.com INT"]
[Date "2020.05.16"]
[Round "1.12"]
[White "Jones, Gawain C B"]
[Black "Roberson, Peter T"]
[Result "1-0"]
[WhiteTitle "GM"]
[BlackTitle "IM"]
[WhiteElo "2670"]
[BlackElo "2437"]
[WhiteFideId "409561"]
[BlackFideId "412384"]
[EventDate "2020.05.16"]

1. Nf3 Nf6 2. g3 d5 3. Bg2 e6 4. O-O Be7 5. c4 O-O 6. b3 d4 7. e3 c5 8. Ne5 Nfd7
9. exd4 cxd4 10. Nxd7 Nxd7 11. Ba3 Nc5 12. b4 Na6 13. Qb3 Rb8 14. d3 b5 15. c5
Bb7 16. Nd2 Bxg2 17. Kxg2 Nc7 18. Bb2 a6 19. Rfe1 a5 20. a3 Qd5+ 21. Kg1 Bf6 22.
Re4 e5 23. Bc1 Ra8 24. Rb1 axb4 25. axb4 Qxb3 26. Nxb3 Nd5 27. Bd2 Ra4 28. Na5
Nc3 29. Bxc3 dxc3 30. Rc1 Ra3 31. h4 Rd8 32. c6 Be7 33. Rxe5 Bxb4 34. c7 Rc8 35.
Nc6 Bf8 36. Rxb5 Rxc7 37. Ne5 g6 38. Nc4 c2 39. Rxc2 Rxd3 40. Ne3 Rxc2 41. Nxc2
Rd7 42. Ne3 h5 43. Nd5 Bg7 44. Kg2 Ra7 45. Nf4 Bf6 46. Rb8+ Kg7 47. Rb6 Be5 48.
Nd3 Bd4 49. Rd6 Bf6 50. Kf3 Ra3 51. Rd7 Rb3 52. Ke4 Ra3 53. Nf4 Ra4+ 54. Kf3
Ra3+ 55. Kg2 Ra2 56. Rb7 Be5 57. Ne6+ Kg8 58. Ng5 f6 59. Ne4 Bd4 60. Rd7 f5 61.
Rd8+ Kg7 62. Rd7+ Kg8 63. Rxd4 fxe4 64. Rxe4 Kg7 65. Kf3 Kf6 66. Rb4 Ra3+ 67.
Kf4 Ra2 68. Rb6+ Kf7 69. Kg5 Rxf2 70. Rxg6 Re2 71. Kxh5 Re3 72. g4 Re5+ 73. Rg5
Re8 74. Rf5+ Kg7 75. g5 Re4 76. Ra5 Rd4 77. Ra7+ Kg8 78. Kg6 Rd6+ 79. Kf5 Rd5+
80. Kf6 Rd6+ 81. Ke5 Rb6 82. Ra5 Kg7 83. h5 Rb7 84. Kf5 Rf7+ 85. Kg4 Rf1 86. h6+
Kg6 87. Ra6+ Kh7 88. Ra7+ Kh8 89. Kh5 Rc1 90. Ra8+ Kh7 91. g6# 1-0

[Event "English Online Blitz Open"]
[Site "chess.com INT"]
[Date "2020.05.16"]
[Round "1.13"]
[White "Roberson, Peter T"]
[Black "Jones, Gawain C B"]
[Result "0-1"]
[WhiteTitle "IM"]
[BlackTitle "GM"]
[WhiteElo "2437"]
[BlackElo "2670"]
[WhiteFideId "412384"]
[BlackFideId "409561"]
[EventDate "2020.05.16"]

1. e4 e5 2. Nf3 Nc6 3. Bb5 a6 4. Ba4 d6 5. O-O Bd7 6. c4 Nf6 7. Nc3 g6 8. d3 Bg7
9. Be3 O-O 10. h3 Nh5 11. Nd5 Ne7 12. Bxd7 Qxd7 13. d4 Nxd5 14. cxd5 exd4 15.
Bxd4 Rae8 16. Re1 Nf6 17. Qc2 c5 18. dxc6 Qxc6 19. Qxc6 bxc6 20. e5 dxe5 21.
Bxe5 Nd5 22. Rac1 Nb4 23. Bxg7 Kxg7 24. Rxe8 Rxe8 25. a3 Nd3 26. Rxc6 a5 27. Rc7
h6 28. Ra7 Rb8 29. Rxa5 Rxb2 30. Nd4 Rb1+ 31. Kh2 Nxf2 32. Kg3 Ne4+ 33. Kf3 Nd2+
34. Ke3 Nc4+ 0-1

[Event "English Online Blitz Open"]
[Site "chess.com INT"]
[Date "2020.05.16"]
[Round "1.22"]
[White "Chow, Samuel"]
[Black "Kalavannan, Koby"]
[Result "1/2-1/2"]
[WhiteTitle "FM"]
[BlackTitle "FM"]
[WhiteElo "2345"]
[BlackElo "2324"]
[WhiteFideId "3202992"]
[BlackFideId "425753"]
[EventDate "2020.05.16"]

1. d4 Nf6 2. c4 g6 3. Nc3 Bg7 4. Nf3 d6 5. g3 O-O 6. Bg2 Nc6 7. O-O e5 8. dxe5
dxe5 9. Bg5 Be6 10. Qc1 Qc8 11. Rd1 Nd7 12. b3 f5 13. Bh6 e4 14. Bxg7 Kxg7 15.
Ng5 Nf6 16. Nd5 Bxd5 17. cxd5 Nd8 18. Qc4 h6 19. Nh3 Qd7 20. Rac1 Rc8 21. Qd4 c6
22. Nf4 cxd5 23. Rxc8 Qxc8 24. Nxd5 Nc6 25. Qc3 Qe6 26. Nxf6 Qxf6 27. Rd7+ Rf7
28. Qxf6+ Kxf6 29. Rd6+ Kg7 30. f3 exf3 31. Bxf3 Ne5 32. Kf2 Nxf3 33. exf3 Rc7
34. Ke3 Kf7 35. h4 g5 36. Rxh6 Rc3+ 37. Kd4 Rxf3 38. hxg5 Rxg3 39. Rf6+ Kg7 40.
Rxf5 Kg6 41. Re5 Rg2 42. a4 Rg3 43. b4 Rg4+ 44. Kc5 b6+ 45. Kb5 a6+ 1/2-1/2

[Event "English Online Blitz Open"]
[Site "chess.com INT"]
[Date "2020.05.16"]
[Round "1.23"]
[White "Kalavannan, Koby"]
[Black "Chow, Samuel"]
[Result "0-1"]
[WhiteTitle "FM"]
[BlackTitle "FM"]
[WhiteElo "2324"]
[BlackElo "2345"]
[WhiteFideId "425753"]
[BlackFideId "3202992"]
[EventDate "2020.05.16"]

1. d4 Nf6 2. c4 g6 3. Nc3 d5 4. cxd5 Nxd5 5. Bd2 Nb6 6. Bg5 Bg7 7. e3 c5 8. dxc5
Bxc3+ 9. bxc3 Qxd1+ 10. Rxd1 N6d7 11. Bb5 a6 12. Ba4 Nc6 13. e4 Nxc5 14. Bxc6+
bxc6 15. f3 Be6 16. Be3 Na4 17. Ne2 Nb2 18. Rb1 Rb8 19. Bd4 O-O 20. Kf2 Bxa2 21.
Ra1 Bc4 22. h4 e5 23. Be3 f5 24. exf5 gxf5 25. f4 Rbe8 26. fxe5 Nd3+ 27. Kg3
Rxe5 28. Bh6 Rxe2 29. Bxf8 f4+ 30. Kg4 Nf2+ 31. Kf5 Nxh1 32. Bh6 Ng3+ 33. Kxf4
Nh5+ 34. Kg5 Re5+ 35. Kg4 Nf6+ 36. Kf3 Bd5+ 37. Kg3 Ne4+ 38. Kf4 Re6 39. Bg5
Nxg5 40. hxg5 Bc4 41. Rd1 Kg7 42. Kf5 Re7 43. Rd6 Bd5 44. g6 Be4+ 45. Kf4 hxg6
46. g4 Bd5 47. c4 Bxc4 48. Rxc6 Bb5 49. Rb6 Rc7 50. Kg5 Rc5+ 51. Kf4 g5+ 52. Ke4
Rc7 53. Kf5 Bd7+ 54. Kxg5 Ra7 55. Rg6+ Kf7 56. Rf6+ Ke7 57. Rh6 a5 58. Rh7+ Kd6
59. Kf6 a4 60. g5 a3 61. Rh1 a2 62. Rd1+ Kc5 63. Ra1 Bb5 64. g6 Bc4 65. g7 Kb4
66. Rc1 Bb3 67. Ra1 Kc3 68. Rg1 a1=Q 0-1

[Event "English Online Blitz Open"]
[Site "chess.com INT"]
[Date "2020.05.16"]
[Round "1.24"]
[White "Chow, Samuel"]
[Black "Kalavannan, Koby"]
[Result "1-0"]
[WhiteTitle "FM"]
[BlackTitle "FM"]
[WhiteElo "2345"]
[BlackElo "2324"]
[WhiteFideId "3202992"]
[BlackFideId "425753"]
[EventDate "2020.05.16"]

1. d4 Nf6 2. c4 g6 3. Nc3 Bg7 4. Nf3 d6 5. g3 O-O 6. Bg2 Nc6 7. O-O Bf5 8. d5
Na5 9. Nd4 Bd7 10. b3 c5 11. dxc6 Nxc6 12. Bb2 Nxd4 13. Qxd4 Bc6 14. Qd2 Qa5 15.
Rfd1 Rfd8 16. Nd5 Qxd2 17. Nxf6+ Bxf6 18. Rxd2 Bxb2 19. Rxb2 Bxg2 20. Kxg2 d5
21. cxd5 Rxd5 22. Rc1 Rd7 23. Rbc2 Kg7 24. e4 Rad8 25. Re2 e5 26. f4 Kf6 27. Kf2
h5 28. Rc5 exf4 29. gxf4 Ke6 30. Re5+ Kf6 31. Rc5 h4 32. Kf3 Rd1 33. Kg4 Rg1+
34. Kf3 h3 35. Rf2 Rd3+ 36. Ke2 Rdd1 37. Rc3 Rde1+ 38. Kf3 Ra1 39. Rcc2 a6 40.
Ke3 Rae1+ 41. Kf3 Rd1 42. Ke3 Kg7 43. e5 Kh6 44. Rf3 Kh5 45. Rxh3+ Kg4 46. Rh7
Rge1+ 47. Kf2 Rf1+ 48. Ke3 Rde1+ 49. Re2 Rf3+ 50. Kd2 Rxe2+ 51. Kxe2 Rxf4 52. e6
Re4+ 53. Kf2 Rxe6 54. Rxf7 b6 55. Rf3 Rc6 56. Rg3+ Kh4 57. a4 Rc2+ 58. Kg1 g5
59. Rd3 Rb2 60. Rc3 Kg4 61. Rd3 Kf4 62. Rc3 Rd2 63. Rc4+ Kf3 64. Rc3+ Kg4 65.
Rc4+ Kh3 66. Rc3+ Kh4 67. Rc6 b5 68. axb5 axb5 69. Rc5 Kh3 70. Rc3+ Kh4 71. Rc5
b4 72. Re5 Rd4 73. Re3 Kg4 74. Re8 Kf4 75. Rf8+ Ke3 76. Rg8 g4 77. Rc8 Kd3 78.
Kg2 Re4 79. Kg3 Re2 80. Rc4 Re4 81. Rxe4 Kxe4 82. Kxg4 Kd3 83. h4 Kc3 84. h5
Kxb3 85. h6 Ka2 86. h7 b3 87. h8=Q b2 88. Qg8+ Ka1 89. Qg7 Ka2 90. Qf7+ Ka1 91.
Qf6 Ka2 92. Qe6+ Ka1 93. Qe5 Ka2 94. Qd5+ Ka1 95. Qd4 Ka2 96. Qa4+ Kb1 97. Kf3
Kc1 98. Qc4+ Kd2 99. Qb3 Kc1 100. Qc3+ Kb1 101. Ke2 Ka2 102. Qc2 Ka1 103. Qa4+
Kb1 104. Kd3 Kc1 105. Qc2# 1-0

[Event "English Online Blitz Open"]
[Site "chess.com INT"]
[Date "2020.05.16"]
[Round "1.31"]
[White "Horton, Andrew P"]
[Black "Stepanyan, Henrik"]
[Result "1-0"]
[WhiteTitle "IM"]
[WhiteElo "2375"]
[BlackElo "2196"]
[WhiteFideId "424269"]
[BlackFideId "401030"]
[EventDate "2020.05.16"]

1. Nf3 d5 2. c4 e6 3. g3 Nf6 4. Bg2 c5 5. O-O Nc6 6. b3 Be7 7. Bb2 d4 8. e3 e5
9. exd4 exd4 10. Re1 O-O 11. d3 Bf5 12. Ne5 Nxe5 13. Rxe5 Bg4 14. Qc2 Bd6 15.
Re1 Qd7 16. Nd2 Rfe8 17. a3 Rxe1+ 18. Rxe1 Re8 19. Rxe8+ Qxe8 20. Nf3 Nd7 21.
Qd2 h6 22. Bc1 b6 23. b4 cxb4 24. axb4 Bxf3 25. Bxf3 Qe7 26. b5 Bb4 27. Qe2 Qxe2
28. Bxe2 g5 29. h4 f6 30. hxg5 hxg5 31. f4 gxf4 32. Bxf4 Nc5 33. Bb8 a5 34. bxa6
Nxa6 35. Bf4 Kf7 36. Kf2 Bc5 37. Bh5+ Ke7 38. Ke2 Nb4 39. Bf3 Na2 40. Bb7 Nc3+
41. Kf3 b5 42. cxb5 Nxb5 43. Be4 Nd6 44. Bg6 Nf7 45. Be4 Ng5+ 46. Ke2 Ne6 47.
Bd2 Ng5 48. Bg2 Ne6 49. Kf2 Kd6 50. Bh3 Ke5 51. Bxe6 Kxe6 52. Kf3 Kf5 53. g4+
Ke6 54. Ke4 Kf7 55. Kf5 Be7 56. Be1 Bd8 57. Bf2 Bb6 58. Bh4 Bd8 59. Bg3 Be7 60.
Bc7 Kg7 61. Bb6 Kf7 62. Bxd4 Bd8 63. Bc5 Ke8 64. Ke6 Ba5 65. Bd4 Bc3 66. Bxc3 1-0

[Event "English Online Blitz Open"]
[Site "chess.com INT"]
[Date "2020.05.16"]
[Round "1.32"]
[White "Stepanyan, Henrik"]
[Black "Horton, Andrew P"]
[Result "1/2-1/2"]
[BlackTitle "IM"]
[WhiteElo "2196"]
[BlackElo "2375"]
[WhiteFideId "401030"]
[BlackFideId "424269"]
[EventDate "2020.05.16"]

1. d4 Nf6 2. c4 e6 3. Nc3 Bb4 4. Qc2 b6 5. e4 c5 6. d5 exd5 7. exd5 Qe7+ 8. Be2
O-O 9. Nf3 d6 10. O-O Bxc3 11. bxc3 Bg4 12. Bg5 Nbd7 13. Rfe1 Rfe8 14. Bd3 Qf8
15. Nd2 Rxe1+ 16. Rxe1 Re8 17. Re3 Rxe3 18. Bxe3 Bh5 19. Ne4 Bg6 20. Nxf6+ Nxf6
21. h3 Qe7 22. Bxg6 hxg6 23. a4 Nd7 24. Bf4 Qe1+ 25. Kh2 Ne5 26. Bxe5 Qxe5+ 27.
g3 g5 28. Qb3 Qe2 29. Kg2 Qe4+ 30. Kh2 Qf3 31. Kg1 Qe4 32. a5 Qe1+ 33. Kg2 Qe4+
34. Kg1 Qe1+ 35. Kg2 Qe4+ 36. Kg1 1/2-1/2

[Event "English Online Blitz Open"]
[Site "chess.com INT"]
[Date "2020.05.16"]
[Round "1.33"]
[White "Horton, Andrew P"]
[Black "Stepanyan, Henrik"]
[Result "1/2-1/2"]
[WhiteTitle "IM"]
[WhiteElo "2375"]
[BlackElo "2196"]
[WhiteFideId "424269"]
[BlackFideId "401030"]
[EventDate "2020.05.16"]

1. Nf3 d5 2. c4 e6 3. g3 Nf6 4. Bg2 c5 5. O-O Nc6 6. b3 Be7 7. e3 d4 8. exd4
cxd4 9. Re1 O-O 10. Bb2 Bc5 11. Ne5 Nxe5 12. Rxe5 Nd7 13. Re1 e5 14. d3 Re8 15.
Nd2 Nf6 16. Ne4 Nxe4 17. Bxe4 f5 18. Bd5+ Kh8 19. Bc1 Qd6 20. Qh5 Be6 21. Bxb7
Rab8 22. Bg2 Bb4 23. Rd1 Bd7 24. Bg5 Rbc8 25. Bd2 a5 26. Bxb4 axb4 27. Rd2 e4
28. dxe4 fxe4 29. Re1 Bc6 30. Qd1 Rcd8 31. Rde2 e3 32. fxe3 Bxg2 33. Rxg2 d3 34.
Rd2 Re4 35. Qf3 Qe6 36. Kg2 h6 37. c5 Rc8 38. Rxd3 Rxc5 39. Re2 Rce5 40. Qf2 Qe7
41. Qe1 Re6 42. Qd2 R6e5 43. Rd7 Qe6 44. Qd3 Rh5 45. Rd8+ Kh7 46. Rd4 Qh3+ 47.
Kg1 Rf5 48. Rf2 Rxf2 49. Kxf2 Qxh2+ 50. Ke1 Qxg3+ 51. Kd2 Qf2+ 52. Kd1 Qg1+ 53.
Kc2 Qf2+ 54. Kc1 Qe1+ 55. Kb2 Qf2+ 56. Kc1 Qe1+ 57. Kc2 Qf2+ 58. Kd1 Qg1+ 59.
Kd2 Qf2+ 60. Kd1 1/2-1/2

[Event "English Online Blitz Open"]
[Site "chess.com INT"]
[Date "2020.05.16"]
[Round "1.34"]
[White "Stepanyan, Henrik"]
[Black "Horton, Andrew P"]
[Result "0-1"]
[BlackTitle "IM"]
[WhiteElo "2196"]
[BlackElo "2375"]
[WhiteFideId "401030"]
[BlackFideId "424269"]
[EventDate "2020.05.16"]

1. d4 Nf6 2. c4 e6 3. Nc3 Bb4 4. Qc2 b6 5. e4 c5 6. d5 exd5 7. exd5 Qe7+ 8. Be2
d6 9. Nf3 O-O 10. O-O Bxc3 11. bxc3 Bg4 12. a4 Nbd7 13. a5 Rfe8 14. Be3 Ne5 15.
Nxe5 Qxe5 16. Bd3 Bh5 17. h3 Bg6 18. Bxg6 hxg6 19. axb6 axb6 20. Rxa8 Rxa8 21.
Rb1 Ra6 22. Re1 Qf5 23. Qb2 Qd7 24. Bg5 Kh7 25. Bxf6 gxf6 26. Qd2 Kg7 27. Qf4
Ra8 28. Re3 Rb8 29. Rf3 Qe7 30. h4 Rh8 31. Re3 Qd8 32. g3 f5 33. Re2 Qf6 34. Qe3
Rb8 35. Rb2 Rb7 36. Qc1 Qe5 37. Rd2 Qe4 38. Qf1 Qe5 0-1

[Event "English Online Blitz Open"]
[Site "chess.com INT"]
[Date "2020.05.16"]
[Round "1.41"]
[White "Haria, Ravi"]
[Black "Haydon, David L"]
[Result "1-0"]
[WhiteTitle "IM"]
[BlackTitle "FM"]
[WhiteElo "2440"]
[BlackElo "2294"]
[WhiteFideId "415820"]
[BlackFideId "415405"]
[EventDate "2020.05.16"]

1. Nf3 c6 2. g3 d5 3. Bg2 Nf6 4. c4 g6 5. b3 Bg7 6. Bb2 O-O 7. O-O Bg4 8. d4
Bxf3 9. Bxf3 e6 10. Nd2 Nbd7 11. Qc2 Re8 12. Bg2 Rc8 13. Rac1 Qe7 14. Rfd1 Red8
15. e3 Re8 16. a3 Qd8 17. b4 Bf8 18. Ba1 Bd6 19. e4 dxe4 20. Nxe4 Nxe4 21. Qxe4
Nf6 22. Qf3 Be7 23. Rc2 a5 24. Bc3 axb4 25. axb4 b5 26. Qd3 bxc4 27. Qxc4 Nd5
28. Bd2 Qb6 29. Rdc1 Red8 30. b5 cxb5 31. Qxc8 Rxc8 32. Rxc8+ Kg7 33. Bxd5 exd5
34. R1c6 Qa7 35. Bf4 Qa1+ 36. Kg2 Qxd4 37. Re8 Qe4+ 38. Kg1 Qb1+ 39. Kg2 Qe4+
40. Kg1 d4 41. Rc7 Qb1+ 42. Kg2 Qe4+ 43. Kg1 g5 44. Bxg5 Qb1+ 45. Rc1 Qb2 46.
Rxe7 d3 47. Rd7 Qb3 48. Be3 b4 49. Bd4+ Kg6 50. Be3 Kf5 51. Rc5+ Ke4 52. Kg2 Qe6
53. Rd4# 1-0

[Event "English Online Blitz Open"]
[Site "chess.com INT"]
[Date "2020.05.16"]
[Round "1.42"]
[White "Haydon, David L"]
[Black "Haria, Ravi"]
[Result "1-0"]
[WhiteTitle "FM"]
[BlackTitle "IM"]
[WhiteElo "2294"]
[BlackElo "2440"]
[WhiteFideId "415405"]
[BlackFideId "415820"]
[EventDate "2020.05.16"]

1. d4 e6 2. Nf3 Nf6 3. c4 d5 4. Nc3 a6 5. cxd5 exd5 6. Bf4 Bd6 7. Bxd6 Qxd6 8.
e3 O-O 9. Bd3 c6 10. h3 Re8 11. Qc2 a5 12. Na4 Nbd7 13. a3 b5 14. Nc3 Nb6 15.
Rc1 Bd7 16. O-O b4 17. axb4 axb4 18. Ne2 Ne4 19. Ne5 Rec8 20. Bxe4 dxe4 21. Nxd7
Nxd7 22. Qxe4 c5 23. b3 Nf6 24. Qd3 cxd4 25. Nxd4 g6 26. Rfd1 Qd5 27. Rc4 Rxc4
28. bxc4 Qe5 29. Qb3 Ne4 30. Qxb4 Ra2 31. Nf3 Qf6 32. Qb8+ Kg7 33. Rd8 Ra1+ 34.
Kh2 Nxf2 35. Rg8+ Kh6 36. Qf8+ Kh5 37. Qc5+ Kh6 38. Qd4 Rh1+ 39. Kg3 Qxd4 40.
exd4 Ne4+ 41. Kf4 Nf6 42. Rd8 Rc1 43. c5 Kg7 44. g4 h6 45. h4 Re1 46. Ne5 Re4+
47. Kf3 Rxg4 48. Nxg4 1-0

[Event "English Online Blitz Open"]
[Site "chess.com INT"]
[Date "2020.05.16"]
[Round "1.43"]
[White "Haria, Ravi"]
[Black "Haydon, David L"]
[Result "1-0"]
[WhiteTitle "IM"]
[BlackTitle "FM"]
[WhiteElo "2440"]
[BlackElo "2294"]
[WhiteFideId "415820"]
[BlackFideId "415405"]
[EventDate "2020.05.16"]

1. Nf3 c6 2. e4 d5 3. Nc3 Bg4 4. h3 Bxf3 5. Qxf3 e6 6. d3 Nf6 7. Bd2 Bd6 8.
O-O-O Nbd7 9. g4 h6 10. exd5 cxd5 11. d4 a6 12. h4 Rc8 13. Bd3 g6 14. Rde1 Kf8
15. g5 hxg5 16. hxg5 Rxh1 17. Rxh1 Ng8 18. Bxg6 f6 19. Rh7 Ne7 20. Rf7+ Kg8 21.
Qh5 Nf8 22. gxf6 Nexg6 23. Rg7# 1-0

[Event "English Online Blitz Open"]
[Site "chess.com INT"]
[Date "2020.05.16"]
[Round "1.44"]
[White "Haydon, David L"]
[Black "Haria, Ravi"]
[Result "0-1"]
[WhiteTitle "FM"]
[BlackTitle "IM"]
[WhiteElo "2294"]
[BlackElo "2440"]
[WhiteFideId "415405"]
[BlackFideId "415820"]
[EventDate "2020.05.16"]

1. Nf3 d5 2. d4 e6 3. c4 Nf6 4. cxd5 exd5 5. Nc3 c6 6. Bf4 Bd6 7. Bxd6 Qxd6 8.
e3 Bg4 9. Be2 O-O 10. O-O Nbd7 11. Rc1 Rfe8 12. Re1 Nf8 13. Ne5 Bxe2 14. Qxe2
N6d7 15. Nd3 Ng6 16. g3 Re7 17. b4 a6 18. a4 b5 19. axb5 axb5 20. Ra1 Ree8 21.
Ra2 Nb6 22. Rea1 Rxa2 23. Rxa2 Nc4 24. Ra6 Qd7 25. Nc5 Qc8 26. Ra7 Re7 27. Qa2
Rxa7 28. Qxa7 h5 29. Qd7 Qa8 30. Ne2 Qa1+ 31. Kg2 Qb2 32. Qe8+ Kh7 33. Nf4 Nxf4+
34. gxf4 Qe2 35. h3 Nd2 36. Qxf7 Qf1+ 37. Kg3 Qg1+ 38. Kh4 Qxf2+ 39. Kxh5 Qf3+
40. Kg5 Qg3+ 41. Kf5 Qxh3+ 42. Ke5 Nc4# 0-1

[Event "English Online Blitz Open"]
[Site "chess.com INT"]
[Date "2020.05.16"]
[Round "1.51"]
[White "Willow, Jonah B"]
[Black "Pert, Richard G"]
[Result "1/2-1/2"]
[WhiteTitle "FM"]
[BlackTitle "IM"]
[WhiteElo "2386"]
[BlackElo "2416"]
[WhiteFideId "438804"]
[BlackFideId "404748"]
[EventDate "2020.05.16"]

1. e4 e6 2. d4 d5 3. Nd2 Be7 4. e5 c5 5. c3 cxd4 6. cxd4 Qb6 7. Qg4 g6 8. Ngf3
Nc6 9. Nb3 a5 10. Bg5 a4 11. Nbd2 Qxb2 12. Rb1 Qxa2 13. Bd3 Nb4 14. Bb5+ Nc6 15.
O-O Bd7 16. Rfc1 h5 17. Qh4 Qa3 18. Ra1 Qb4 19. Rcb1 Bxg5 20. Qxg5 Qe7 21. Qe3
a3 22. Rb3 a2 23. Rb2 Nh6 24. Rbxa2 Rc8 1/2-1/2

[Event "English Online Blitz Open"]
[Site "chess.com INT"]
[Date "2020.05.16"]
[Round "1.52"]
[White "Pert, Richard G"]
[Black "Willow, Jonah B"]
[Result "1/2-1/2"]
[WhiteTitle "IM"]
[BlackTitle "FM"]
[WhiteElo "2416"]
[BlackElo "2386"]
[WhiteFideId "404748"]
[BlackFideId "438804"]
[EventDate "2020.05.16"]

1. d4 Nf6 2. Bg5 e6 3. e4 h6 4. Bxf6 Qxf6 5. c3 e5 6. Bc4 d6 7. Ne2 g6 8. O-O
Bg7 9. f4 exd4 10. cxd4 O-O 11. Nbc3 c6 12. e5 Qd8 13. Bb3 Nd7 14. Ne4 d5 15.
Nd6 f6 16. e6 Nb6 17. Nxc8 Nxc8 18. f5 g5 19. Ng3 Nd6 20. Qg4 Qe7 21. Rad1 Rac8
22. Nh5 Rfd8 23. h4 Ne4 24. Bc2 Nd6 25. hxg5 hxg5 26. Bb3 Ne4 27. Bc2 Nd6 28.
Bb3 Ne4 1/2-1/2

[Event "English Online Blitz Open"]
[Site "chess.com INT"]
[Date "2020.05.16"]
[Round "1.53"]
[White "Willow, Jonah B"]
[Black "Pert, Richard G"]
[Result "1-0"]
[WhiteTitle "FM"]
[BlackTitle "IM"]
[WhiteElo "2386"]
[BlackElo "2416"]
[WhiteFideId "438804"]
[BlackFideId "404748"]
[EventDate "2020.05.16"]

1. e4 e6 2. d4 d5 3. Nd2 Be7 4. e5 c5 5. c3 cxd4 6. cxd4 Qb6 7. Ngf3 Bd7 8. Bd3
Bb5 9. Bxb5+ Qxb5 10. Qe2 Qxe2+ 11. Kxe2 Nc6 12. Nb3 a5 13. a4 Nb4 14. Bd2 Nh6
15. Bxh6 gxh6 16. Rhc1 Kd7 17. Rc3 Rhc8 18. Rac1 Rxc3 19. bxc3 Nc6 20. Rb1 Kc7
21. Kd3 Rg8 22. g3 b6 23. Nfd2 h5 24. h4 Rg4 25. Ke3 Bf8 26. Nc1 Bh6+ 27. Ke2
Rg8 28. Nd3 Rd8 29. Nf1 Ne7 30. Ne3 Rc8 31. Rb3 Nc6 32. f4 Ne7 33. Ne1 Kb7 34.
N1c2 Bf8 35. Na3 Nf5 36. Nxf5 exf5 37. Nc2 Rc4 38. Ne3 Rxa4 39. Nxd5 Ra2+ 40.
Kf3 Kc6 41. c4 Bb4 42. Nxb4+ axb4 43. Rxb4 Ra3+ 44. Kg2 Rd3 45. d5+ Kc5 46. Rb5+
Kxc4 47. Rxb6 Kd4 48. d6 Ke3 49. Rb2 Rd1 50. Ra2 Rd3 51. Ra1 Rd2+ 52. Kh3 Kf2
53. Ra3 Rd1 54. Ra2+ Kf3 55. Kh2 Rd3 56. Rb2 Rd1 57. Rc2 Rd3 58. Kh3 Rd1 59.
Rc3+ Kf2 60. Kh2 Rd2 61. Rc1 Kf3+ 62. Kh3 Kf2 63. Rb1 Rd3 64. Kh2 Rd2 65. Ra1
Rd3 66. Ra2+ Kf3 67. Rb2 Rd1 68. Rb3+ Kf2 69. Rb5 Rd2 70. Rb7 Kf3+ 71. Kh3 Rd1
72. Rb3+ Kf2 73. Kh2 Rd2 74. Rb1 Kf3+ 75. Kh3 Kf2 76. Rc1 Rd3 77. Kh2 Rd2 78.
Rg1 Kf3+ 79. Kh3 Rd3 80. Rf1+ Ke2 81. Kg2 Rd5 82. Ra1 Rd2 83. Ra3 Ke1+ 84. Kf3
Rf2+ 85. Ke3 Rg2 86. Ra1# 1-0

[Event "English Online Blitz Open"]
[Site "chess.com INT"]
[Date "2020.05.16"]
[Round "1.54"]
[White "Pert, Richard G"]
[Black "Willow, Jonah B"]
[Result "0-1"]
[WhiteTitle "IM"]
[BlackTitle "FM"]
[WhiteElo "2416"]
[BlackElo "2386"]
[WhiteFideId "404748"]
[BlackFideId "438804"]
[EventDate "2020.05.16"]

1. d4 Nf6 2. Bg5 d5 3. e3 e6 4. c4 Be7 5. Nc3 O-O 6. Nf3 c6 7. Qc2 Nbd7 8. O-O-O
h6 9. Bf4 Nh5 10. Be5 Qa5 11. g4 Nhf6 12. g5 hxg5 13. Nxg5 g6 14. Nxe6 Nxe5 15.
Nxf8 Bf5 16. Qb3 Nxc4 17. Bxc4 dxc4 18. Qxb7 Re8 19. Nxg6 Bxg6 20. Qxc6 Qf5 21.
Rd2 Bb4 22. e4 Qf3 23. Rg1 Bxc3 24. Rxg6+ fxg6 25. bxc3 Qxc3+ 26. Kd1 Qf3+ 27.
Kc2 Qxe4+ 28. Qxe4 Nxe4 29. Re2 Nd6 30. Rd2 Kf7 31. d5 Kf6 32. Rd4 Re2+ 33. Kd1
Rxf2 34. h4 Ke5 35. Rg4 c3 36. Rg5+ Kd4 37. Rxg6 Nc4 38. Rg4+ Kd3 39. Rg3+ Ne3+ 0-1

[Event "English Online Blitz Open"]
[Site "chess.com INT"]
[Date "2020.05.16"]
[Round "1.61"]
[White "Greet, Andrew N"]
[Black "Harvey, Marcus R"]
[Result "0-1"]
[WhiteTitle "IM"]
[BlackTitle "FM"]
[WhiteElo "2417"]
[BlackElo "2440"]
[WhiteFideId "405817"]
[BlackFideId "400092"]
[EventDate "2020.05.16"]

1. e4 e6 2. d4 d5 3. exd5 exd5 4. Nf3 Bd6 5. c4 Nf6 6. c5 Be7 7. Bd3 O-O 8. O-O
Bg4 9. h3 Bh5 10. Nc3 Nc6 11. Be3 Re8 12. Bb5 Qd7 13. Re1 Qf5 14. Bxc6 bxc6 15.
Nh4 Qd7 16. g4 Nxg4 17. hxg4 Bxg4 18. f3 Bxh4 19. fxg4 Bxe1 20. Qxe1 Qxg4+ 21.
Kh2 Re6 22. Qf2 Rg6 23. Qf1 Qg3+ 0-1

[Event "English Online Blitz Open"]
[Site "chess.com INT"]
[Date "2020.05.16"]
[Round "1.62"]
[White "Harvey, Marcus R"]
[Black "Greet, Andrew N"]
[Result "1-0"]
[WhiteTitle "FM"]
[BlackTitle "IM"]
[WhiteElo "2440"]
[BlackElo "2417"]
[WhiteFideId "400092"]
[BlackFideId "405817"]
[EventDate "2020.05.16"]

1. d4 e6 2. Nf3 f5 3. g3 Nf6 4. Bg2 d5 5. c3 Be7 6. O-O Ne4 7. Nbd2 Nd7 8. Ne1
h5 9. Nd3 h4 10. Nxe4 dxe4 11. Nf4 Nf8 12. e3 g5 13. Ne2 h3 14. Bh1 g4 15. c4
Ng6 16. a3 O-O 17. b4 Bf6 18. Nc3 Bg7 19. Nxe4 fxe4 20. Qxg4 Qf6 21. Bxe4 Kf7
22. f4 e5 23. f5 Ne7 24. Qh5+ Kg8 25. d5 b5 26. g4 Qf7 27. Qxf7+ Rxf7 28. d6
cxd6 29. Bxa8 bxc4 30. e4 d5 31. Bg5 Bf6 32. Bxf6 Rxf6 33. g5 Rd6 34. f6 Ng6 35.
Bxd5+ 1-0